000
00331nam a22001457a 4500
005
20160628154050.0
008
160628b xxu||||| |||| 00| 0 eng d
041
_a
eng
082
_b
10945
100
_a
Sapre, Late Prof, R.
_9
3108
245
_a
Organisational Behaviour
260
_b
Symbions
_c
2004
300
_a
211
942
_c
BK
999
_c
4531
_d
4530